|
|
|
|
| LEADER |
00000nam0a2200000 4500 |
| 001 |
273855 |
| 005 |
20231101234654.0 |
| 020 |
|
|
|a RU
|b 87-48228
|
| 035 |
|
|
|a (RuTPU)RU\TPU\book\297065
|
| 090 |
|
|
|a 273855
|
| 100 |
|
|
|a 20141029d1987 m y0rusy5003 ca
|
| 101 |
0 |
|
|a rus
|
| 102 |
|
|
|a RU
|
| 105 |
|
|
|a a j 001zy
|
| 200 |
1 |
|
|a Охрана труда в угольных шахтах
|e учебник для ПТУ
|f П. Н. Фенченко, Ф. И. Евдокимов
|
| 205 |
|
|
|a 3-е изд., перераб. и доп.
|
| 210 |
|
|
|a Москва
|c Недра
|d 1987
|
| 215 |
|
|
|a 304 с.
|c ил.
|d 22 см
|
| 225 |
1 |
|
|a Профтехобразование
|
| 320 |
|
|
|a Библиогр.: с. 295 (22 назв.)
|
| 320 |
|
|
|a Алф.-предм. указ.: с. 296-300
|
| 606 |
1 |
|
|a Угольная промышленность, предприятия
|x Охрана труда
|2 stltpush
|3 (RuTPU)RU\TPU\subj\62575
|9 79645
|
| 610 |
1 |
|
|a угольные шахты
|
| 610 |
1 |
|
|a горные выработки
|
| 610 |
1 |
|
|a горные выработки
|
| 610 |
1 |
|
|a люди
|
| 610 |
1 |
|
|a перевозка
|
| 610 |
1 |
|
|a передвижение
|
| 610 |
1 |
|
|a безопасность
|
| 610 |
1 |
|
|a очистные забои
|
| 610 |
1 |
|
|a рудничная атмосфера
|
| 610 |
1 |
|
|a пылегазовыделения
|
| 610 |
1 |
|
|a проветривание
|
| 610 |
1 |
|
|a взрывные работы
|
| 610 |
1 |
|
|a внутришахтный транспорт
|
| 610 |
1 |
|
|a затопление
|
| 610 |
1 |
|
|a предотвращение
|
| 610 |
1 |
|
|a шахтные электроустановки
|
| 610 |
1 |
|
|a эксплуатация
|
| 610 |
1 |
|
|a рудничные пожары
|
| 610 |
1 |
|
|a предупреждение
|
| 610 |
1 |
|
|a тушение
|
| 610 |
1 |
|
|a индивидуальные средства
|
| 610 |
1 |
|
|a защита
|
| 610 |
1 |
|
|a аварии
|
| 610 |
1 |
|
|a производственная санитария
|
| 610 |
1 |
|
|a учебники
|
| 675 |
|
|
|a 622.8(075.32)
|z rus
|v 3
|
| 700 |
|
1 |
|a Фенченко
|b П. Н.
|g Платон Николаевич
|4 070
|
| 701 |
|
1 |
|a Евдокимов
|b Ф. И.
|g Федор Евдокимович
|4 070
|
| 801 |
|
0 |
|a RU
|b RuMRKP
|c 19950417
|g psbo
|
| 801 |
|
1 |
|a RU
|b 63413507
|c 20141029
|
| 801 |
|
2 |
|a RU
|b 63413507
|c 20170116
|g RCR
|
| 942 |
|
|
|c BK
|